Statistics for U.S. States Colonized by France

Click here to take the quiz!

General Stats

  • This quiz has been taken 63 times
  • The average score is 15 of 20

Answer Stats

Answer% Correct
Arkansas
90%
Louisiana
90%
Mississippi
86%
Michigan
85%
Alabama
85%
Illinois
78%
Minnesota
78%
North Dakota
78%
South Dakota
78%
Kansas
76%
Indiana
76%
Iowa
75%
Missouri
75%
Nebraska
75%
Wisconsin
71%
Ohio
68%
Colorado
66%
Montana
64%
Oklahoma
63%
Wyoming
59%

Score Distribution

Percentile by Number Answered

Percent of People with Each Score

Your Score History

You have not taken this quiz